[Event "Sunway Sitges Open 2018"]
[Site "Sitges ESP"]
[Date "2018.12.14"]
[Round "1.1"]
[White "Andreikin, Dmitry"]
[Black "Jimenez Ruano, Adrian"]
[Result "1-0"]
[WhiteTitle "GM"]
[WhiteElo "2719"]
[BlackElo "2245"]
[WhiteFideId "4158814"]
[BlackFideId "22276050"]
[EventDate "2018.12.14"]

1. Nf3 Nf6 2. c4 e6 3. b3 c5 4. Bb2 Nc6 5. e3 Be7 6. Nc3 O-O 7. d4 d5 8. cxd5
Nxd5 9. Nxd5 Qxd5 10. Bc4 Qd8 11. dxc5 Qa5+ 12. Qd2 Bxc5 13. O-O Qxd2 14. Nxd2
b6 15. Rfd1 Be7 16. Ne4 Na5 17. Be2 Bb7 18. Nd6 Bd5 19. Nf5 exf5 20. Rxd5 Rad8
21. Rad1 Nc6 22. Bb5 Nb4 23. Rd7 Nxa2 24. Be2 Rxd7 25. Rxd7 Bc5 26. Rxa7 Nb4 27.
g3 Nc6 28. Rc7 Na5 29. Bc3 Bd6 30. Rd7 Ba3 31. b4 Nc6 32. b5 Na5 33. Bd4 Rb8 34.
Be5 Rc8 35. Bf3 g6 36. Bd5 Rf8 37. h4 Bc5 38. Kg2 Bb4 39. Bd4 1-0

[Event "Sunway Sitges Open 2018"]
[Site "Sitges ESP"]
[Date "2018.12.14"]
[Round "1.2"]
[White "Sreeshwan, Maralakshikari"]
[Black "Ivanchuk, Vassily"]
[Result "1-0"]
[BlackTitle "GM"]
[WhiteElo "2244"]
[BlackElo "2717"]
[WhiteFideId "46664521"]
[BlackFideId "14100010"]
[EventDate "2018.12.14"]

1. d4 c5 2. d5 Nf6 3. c4 e6 4. Nc3 exd5 5. cxd5 d6 6. e4 g6 7. f4 Bg7 8. Bb5+
Nfd7 9. Nf3 a6 10. Bd3 b5 11. O-O O-O 12. Kh1 Re8 13. a3 c4 14. Bc2 Nc5 15. Nd4
Bg4 16. Qxg4 Bxd4 17. f5 Nbd7 18. fxg6 fxg6 19. e5 Bxe5 20. Bxg6 hxg6 21. Qxg6+
Bg7 22. Qf7+ Kh8 23. Qh5+ Kg8 24. Bg5 Qc8 25. Qf7+ Kh8 26. Rf4 1-0

[Event "Sunway Sitges Open 2018"]
[Site "Sitges ESP"]
[Date "2018.12.14"]
[Round "1.3"]
[White "Inarkiev, Ernesto"]
[Black "Blasco Coll, Andreu"]
[Result "1-0"]
[WhiteTitle "GM"]
[WhiteElo "2693"]
[BlackElo "2240"]
[WhiteFideId "4162722"]
[BlackFideId "22272836"]
[EventDate "2018.12.14"]

1. e4 c6 2. d4 d5 3. e5 Bf5 4. Nd2 e6 5. Nb3 Nd7 6. Nf3 Ne7 7. Be2 Nc8 8. a4 a5
9. O-O Ncb6 10. Ne1 Be7 11. Bd3 Bxd3 12. Nxd3 O-O 13. Qg4 Kh8 14. Re1 Qc7 15.
Re3 f5 16. exf6 Nxf6 17. Qh3 Ne4 18. f3 Ng5 19. Qg4 h6 20. Ne5 Rf6 21. Re2 Nf7
22. Bf4 Bd6 23. Nc5 h5 24. Qxh5+ Kg8 25. Bg3 Rf5 26. Qg6 Rf6 27. Nxe6 1-0

[Event "Sunway Sitges Open 2018"]
[Site "Sitges ESP"]
[Date "2018.12.14"]
[Round "1.4"]
[White "Siddharth, Jagadeesh"]
[Black "Sasikiran, Krishnan"]
[Result "0-1"]
[BlackTitle "GM"]
[WhiteElo "2240"]
[BlackElo "2673"]
[WhiteFideId "5818320"]
[BlackFideId "5004985"]
[EventDate "2018.12.14"]

1. d4 d5 2. c4 c6 3. Nf3 Nf6 4. g3 Bg4 5. Bg2 e6 6. O-O Nbd7 7. Re1 Be7 8. Qb3
Qb6 9. c5 Qxb3 10. axb3 O-O 11. b4 Rfe8 12. Nc3 a6 13. Bf4 Bxf3 14. exf3 Bf8 15.
g4 g6 16. h3 Bg7 17. Bg3 h5 18. Rad1 g5 19. Bd6 Nh7 20. Re2 hxg4 21. fxg4 Nhf8
22. Bg3 Ng6 23. Bd6 Bf8 24. Bg3 Bg7 25. Kf1 Bf6 26. Bd6 Be7 27. Bg3 Rec8 28. Rc2
Bd8 29. Ra1 Bf6 30. Rd1 Kg7 31. Ne2 Ndf8 32. Bd6 Be7 33. Bxe7 Nxe7 34. f4 Neg6
35. fxg5 Nh7 36. Ng3 Nxg5 37. Nh5+ Kf8 38. Kf2 Ke7 39. Kg3 f5 40. Nf4 Nxf4 41.
Kxf4 Ne4 42. Ke3 Rh8 43. Rf1 Raf8 44. gxf5 Ng3 45. f6+ Rxf6 46. Rxf6 Kxf6 47.
Kd3 Nf5 48. Rd2 Rh4 49. Kc3 Rf4 50. Rd3 Nh4 51. Rd2 Ke7 52. Bh1 Rf1 53. Rh2 Kf6
54. Kd2 Kg5 55. Ke2 Rb1 56. Ke3 Nf5+ 57. Kd3 Rd1+ 58. Kc2 Rxd4 0-1

[Event "Sunway Sitges Open 2018"]
[Site "Sitges ESP"]
[Date "2018.12.14"]
[Round "1.5"]
[White "Edouard, Romain"]
[Black "Garcia Trobat, Francisco"]
[Result "1-0"]
[WhiteTitle "GM"]
[BlackTitle "FM"]
[WhiteElo "2644"]
[BlackElo "2239"]
[WhiteFideId "633429"]
[BlackFideId "2200678"]
[EventDate "2018.12.14"]

1. Nf3 c5 2. c4 g6 3. d4 cxd4 4. Nxd4 Bg7 5. e4 Nc6 6. Be3 Nf6 7. Nc3 d6 8. Be2
Bd7 9. O-O O-O 10. Nb3 a5 11. Rc1 a4 12. Nd2 a3 13. bxa3 Rxa3 14. Nb3 Nb4 15. e5
Ne8 16. exd6 Nxd6 17. Bc5 Bxc3 18. Rxc3 Nxa2 19. Rd3 Ra6 20. Bxd6 exd6 21. Qd2
Bf5 22. Re3 Qf6 23. c5 Ra4 24. cxd6 Rd8 25. Rd1 b6 26. h3 Be6 27. Bg4 Nb4 28.
Bxe6 fxe6 29. Rf3 Qe5 30. Qf4 Qxf4 31. Rxf4 b5 32. Nc5 Nd5 33. Nxe6 Nxf4 34.
Nxd8 Rd4 35. Rxd4 Ne2+ 36. Kf1 Nxd4 37. d7 b4 38. Nb7 Nc6 39. Ke2 1-0

[Event "Sunway Sitges Open 2018"]
[Site "Sitges ESP"]
[Date "2018.12.14"]
[Round "1.6"]
[White "Blechzin, Igor"]
[Black "Vocaturo, Daniele"]
[Result "0-1"]
[WhiteTitle "IM"]
[BlackTitle "GM"]
[WhiteElo "2237"]
[BlackElo "2629"]
[WhiteFideId "4116208"]
[BlackFideId "813192"]
[EventDate "2018.12.14"]

1. Nf3 d5 2. d4 Nf6 3. c4 e6 4. g3 Bb4+ 5. Bd2 Bd6 6. Nc3 Nbd7 7. cxd5 exd5 8.
Nb5 Ne4 9. Nxd6+ Nxd6 10. Bg2 O-O 11. O-O c6 12. Bf4 Qe7 13. Nd2 f5 14. Qb3 Nf7
15. Nf3 Re8 16. a4 h6 17. Qe3 Qd8 18. Qd3 g5 19. Bd2 Nf6 20. b4 Ne4 21. b5 Qf6
22. Bb4 f4 23. Ne5 Bf5 24. Nxf7 Nxg3 25. Nxh6+ Qxh6 26. Qb3 Nxe2+ 27. Kh1 g4 28.
Bd2 Qh4 0-1

[Event "Sunway Sitges Open 2018"]
[Site "Sitges ESP"]
[Date "2018.12.14"]
[Round "1.7"]
[White "Adly, Ahmed"]
[Black "Bharath, Subramaniyam H"]
[Result "1-0"]
[WhiteTitle "GM"]
[BlackTitle "CM"]
[WhiteElo "2626"]
[BlackElo "2234"]
[WhiteFideId "10601619"]
[BlackFideId "46634827"]
[EventDate "2018.12.14"]

1. Nf3 Nf6 2. g3 b6 3. Bg2 Bb7 4. d4 g6 5. O-O Bg7 6. c4 O-O 7. d5 c5 8. Nc3 d6
9. e4 Nbd7 10. h3 a6 11. a4 Qc7 12. Re1 Rad8 13. Bf4 Ne5 14. Nxe5 dxe5 15. Be3
a5 16. Nb5 Qb8 17. b4 axb4 18. a5 Ba6 19. Qa4 Bxb5 20. Qxb5 Rd6 21. axb6 Rxb6
22. Qxc5 Rb7 23. Qa5 Nd7 24. c5 b3 25. c6 Rb5 26. Qa7 b2 27. Rab1 Qxa7 28. Bxa7
Nb6 29. Bf1 Rb4 30. Ba6 Na4 31. Re3 Bh6 32. Ra3 Bd2 33. c7 Nc3 34. Rxc3 Bxc3 35.
Bc5 Ra4 36. Bxe7 Ra8 37. d6 Ra1 1-0

[Event "Sunway Sitges Open 2018"]
[Site "Sitges ESP"]
[Date "2018.12.14"]
[Round "1.8"]
[White "Moksh, Amit Doshi"]
[Black "Indjic, Aleksandar"]
[Result "0-1"]
[BlackTitle "GM"]
[WhiteElo "2233"]
[BlackElo "2620"]
[WhiteFideId "25064967"]
[BlackFideId "911925"]
[EventDate "2018.12.14"]

1. d4 Nf6 2. c4 e6 3. Nc3 Bb4 4. e3 O-O 5. Nf3 d5 6. Bd2 a5 7. Bd3 b6 8. cxd5
exd5 9. Ne5 Bb7 10. Rc1 Nbd7 11. Nb5 c5 12. Nxd7 Nxd7 13. a3 Bxd2+ 14. Qxd2 c4
15. Bb1 Nf6 16. O-O Bc6 17. Nc3 b5 18. f3 Qb6 19. Rfe1 b4 20. axb4 axb4 21. Nd1
Rfd8 22. Nf2 h5 23. Kh1 g6 24. Rg1 Ra1 25. Bc2 Ra2 26. Nd1 c3 27. Qe1 cxb2 28.
Rb1 b3 29. Bd3 Bd7 30. Rxb2 Rc8 31. Qd2 Rxb2 32. Nxb2 Ne8 33. Rc1 Qb4 34. Qd1
Nd6 35. Rxc8+ Bxc8 36. Qc1 Bf5 37. Kg1 Bxd3 38. Nxd3 Qc4 39. Qd2 Qb5 40. Qc3 Nc4
41. Nb2 Nxb2 42. Qxb2 Qd3 0-1

[Event "Sunway Sitges Open 2018"]
[Site "Sitges ESP"]
[Date "2018.12.14"]
[Round "1.9"]
[White "Lagarde, Maxime"]
[Black "Sande Edreira, Jose Antonio"]
[Result "1-0"]
[WhiteTitle "GM"]
[BlackTitle "FM"]
[WhiteElo "2616"]
[BlackElo "2230"]
[WhiteFideId "662399"]
[BlackFideId "2204487"]
[EventDate "2018.12.14"]

1. d4 Nf6 2. c4 g6 3. Nc3 Bg7 4. e4 d6 5. Nge2 O-O 6. Ng3 c6 7. Be2 a6 8. Bg5 b5
9. O-O Nbd7 10. f4 bxc4 11. Qd2 Rb8 12. e5 Ne8 13. Bxc4 Kh8 14. Kh1 f6 15. Bh4
Rb4 16. Bb3 Qb6 17. e6 Nb8 18. d5 c5 19. Nge4 Nc7 20. f5 Bb7 21. Qe2 gxf5 22.
Rxf5 Nb5 23. Rh5 Nd4 24. Qg4 Nbc6 25. Qg6 h6 26. dxc6 Bxc6 27. Bxf6 1-0

[Event "Sunway Sitges Open 2018"]
[Site "Sitges ESP"]
[Date "2018.12.14"]
[Round "1.10"]
[White "Martinez Lopez, Ivan"]
[Black "Gordievsky, Dmitry"]
[Result "0-1"]
[WhiteTitle "FM"]
[BlackTitle "GM"]
[WhiteElo "2228"]
[BlackElo "2614"]
[WhiteFideId "2219409"]
[BlackFideId "24112798"]
[EventDate "2018.12.14"]

1. Nf3 g6 2. c4 Bg7 3. Nc3 Nf6 4. e4 O-O 5. d4 d6 6. Be2 Bg4 7. Be3 Nfd7 8. Nd2
Bxe2 9. Qxe2 Nc6 10. Nb3 a5 11. a4 e5 12. d5 Nd4 13. Qd1 Nc5 14. Nxc5 dxc5 15.
O-O f5 16. exf5 gxf5 17. f4 Ra6 18. g3 Rg6 19. Kh1 e4 20. Nb5 Nxb5 21. axb5 b6
22. Qe2 Bd4 23. Rad1 Qf6 24. Rf2 h5 25. Rg2 Kf7 26. Qd2 Ke7 27. Qf2 Bxe3 28.
Qxe3 Rfg8 29. Rdg1 Qd4 30. Qe2 h4 31. b3 Kd6 32. Qh5 Qf6 33. g4 h3 34. Qxh3 Rxg4
35. Rxg4 fxg4 36. Qh7 Rg6 37. Qh5 e3 38. Re1 g3 39. Qe5+ Qxe5 40. fxe5+ Kxe5 41.
Rxe3+ Kd4 42. Re6 Rg7 43. h3 a4 44. bxa4 Kxc4 45. d6 cxd6 46. Rxd6 Rb7 47. Rg6
Kb4 48. Rg4+ c4 49. Kg2 Kb3 50. Kxg3 c3 51. Rg6 Rc7 52. a5 c2 0-1

[Event "Sunway Sitges Open 2018"]
[Site "Sitges ESP"]
[Date "2018.12.14"]
[Round "1.11"]
[White "Romanov, Evgeny"]
[Black "Real, Thibault"]
[Result "1-0"]
[WhiteTitle "GM"]
[WhiteElo "2614"]
[BlackElo "2220"]
[WhiteFideId "4148843"]
[BlackFideId "205559"]
[EventDate "2018.12.14"]

1. e4 c5 2. Ne2 e6 3. g3 d5 4. Bg2 dxe4 5. Nbc3 f5 6. d3 exd3 7. Nf4 Nf6 8. O-O
Bd6 9. Qxd3 Nc6 10. Rd1 Nd4 11. Nb5 Nxb5 12. Qxb5+ Kf7 13. Nxe6 Bxe6 14. Qxb7+
Kg6 15. Qxa8 Qxa8 16. Bxa8 Rxa8 17. Rxd6 Bd5 18. Be3 Bf3 19. Bxc5 Rc8 20. b4 Kh5
21. Re1 Nd5 22. Re5 1-0

[Event "Sunway Sitges Open 2018"]
[Site "Sitges ESP"]
[Date "2018.12.14"]
[Round "1.12"]
[White "Sorensen, Hampus"]
[Black "Liang, Awonder"]
[Result "0-1"]
[BlackTitle "GM"]
[WhiteElo "2219"]
[BlackElo "2589"]
[WhiteFideId "8703884"]
[BlackFideId "2056437"]
[EventDate "2018.12.14"]

1. d4 Nf6 2. c4 e6 3. Nf3 a6 4. g3 b5 5. Nbd2 Bb7 6. Bg2 c5 7. O-O cxd4 8. Nxd4
Bxg2 9. Kxg2 Qb6 10. N4f3 Be7 11. a4 bxc4 12. Nxc4 Qc6 13. Na5 Qc7 14. Bd2 O-O
15. Rc1 Qb6 16. Nc4 Qb7 17. Na5 Qxb2 18. Bc3 Qb6 19. Nc4 Qb7 20. Bxf6 gxf6 21.
Rb1 Qe4 22. Nd2 Qc6 23. Qb3 Qc7 24. Qb7 Ra7 25. Qe4 Nc6 26. Rfc1 f5 27. Qc4 Rc8
28. e4 fxe4 29. Qxe4 Bf6 30. Qg4+ Bg7 31. Qh5 h6 32. Rc4 Qd8 33. Rbc1 Rac7 34.
Rg4 f5 35. Rgc4 Qe8 36. Qxe8+ Rxe8 37. Nb3 Rec8 38. Nbd4 Kf7 39. h3 h5 40. h4
Ke7 41. R1c2 Kf6 42. Nxc6 Rxc6 43. Rxc6 Rxc6 44. Rxc6 dxc6 45. Kf1 e5 46. Ne1
Ke6 47. Nc2 c5 48. Ke2 e4 49. Ne3 Bh6 50. Nc4 Kd5 51. Nb6+ Kd4 52. Kd1 e3 53.
fxe3+ Bxe3 54. Ke2 Bh6 55. Nd7 c4 56. Kd1 Bg7 57. Nb8 Be5 58. Nxa6 Bd6 59. Kc2
c3 0-1

[Event "Sunway Sitges Open 2018"]
[Site "Sitges ESP"]
[Date "2018.12.14"]
[Round "1.13"]
[White "Peralta, Fernando"]
[Black "Kholopov, Alexander A."]
[Result "1-0"]
[WhiteTitle "GM"]
[BlackTitle "FM"]
[WhiteElo "2584"]
[BlackElo "2210"]
[WhiteFideId "105309"]
[BlackFideId "4148100"]
[EventDate "2018.12.14"]

1. d4 f5 2. g3 Nf6 3. Bg2 g6 4. Nf3 Bg7 5. O-O O-O 6. c4 d6 7. Nc3 Qe8 8. b3 e5
9. dxe5 dxe5 10. e4 Nc6 11. Nd5 Qd7 12. exf5 e4 13. Ng5 gxf5 14. Rb1 Nxd5 15.
cxd5 Nd4 16. Be3 Qxd5 17. Qh5 h6 18. Nxe4 Qf7 19. Qxf7+ Kxf7 20. Nc5 c6 21. Rbd1
Ne2+ 22. Kh1 Nc3 23. Rd6 Nb5 24. Rd2 Re8 25. Bf3 Kg6 26. Rfd1 Bf8 27. Nd3 Be7
28. Nf4+ Kh7 29. Bh5 Rg8 30. a4 Nc3 31. Rd7 Bxd7 32. Rxd7 Rg7 33. Ne6 Rag8 34.
Nxg7 Rxg7 35. Rxb7 a5 36. Bf3 Ne4 37. Bxe4 1-0

[Event "Sunway Sitges Open 2018"]
[Site "Sitges ESP"]
[Date "2018.12.14"]
[Round "1.14"]
[White "Fernandez De Bobadilla, Gabriel"]
[Black "Santos Latasa, Jaime"]
[Result "0-1"]
[WhiteTitle "CM"]
[BlackTitle "GM"]
[WhiteElo "2196"]
[BlackElo "2584"]
[WhiteFideId "24518107"]
[BlackFideId "2293307"]
[EventDate "2018.12.14"]

1. d4 Nf6 2. c4 g6 3. Nc3 Bg7 4. e4 d6 5. h3 O-O 6. Be3 c5 7. Nf3 cxd4 8. Nxd4
a6 9. Be2 b6 10. Bf3 Ra7 11. Qb3 Nfd7 12. O-O Bb7 13. a4 Nc5 14. Qa3 a5 15. Ndb5
Ra8 16. Rad1 Nc6 17. Nd5 Rc8 18. Bg5 h6 19. Be3 Kh7 20. Bg4 Rb8 21. f4 Nb4 22.
Bxc5 bxc5 23. e5 Bxd5 24. cxd5 dxe5 25. f5 Qb6 26. d6 c4+ 27. Kh1 exd6 28. Rxd6
Qc5 29. Rd7 Rbd8 30. Rfd1 Rxd7 31. Rxd7 e4 32. fxg6+ fxg6 33. Qc3 Rf1+ 34. Kh2
Qg1+ 35. Kg3 Qf2+ 36. Kh2 Qf4+ 0-1

[Event "Sunway Sitges Open 2018"]
[Site "Sitges ESP"]
[Date "2018.12.14"]
[Round "1.15"]
[White "Lopez Martinez, Josep Manuel"]
[Black "Gluckman, David"]
[Result "1-0"]
[WhiteTitle "GM"]
[BlackTitle "IM"]
[WhiteElo "2580"]
[BlackElo "2192"]
[WhiteFideId "2212943"]
[BlackFideId "14300010"]
[EventDate "2018.12.14"]

1. Nf3 e6 2. g3 d5 3. Bg2 Nf6 4. c4 Be7 5. d4 O-O 6. Nc3 dxc4 7. Ne5 c5 8. dxc5
Qxd1+ 9. Nxd1 Bxc5 10. Nxc4 Nd5 11. Nde3 Nc6 12. Bd2 Nxe3 13. Bxe3 Bxe3 14. Nxe3
Bd7 15. O-O-O Rac8 16. Kb1 Rc7 17. Rd6 Rfc8 18. Rhd1 Be8 19. R6d2 Ne7 20. b3 b5
21. Rd6 a5 22. Be4 g6 23. Rb6 a4 24. b4 Nc6 25. Rxb5 Nd4 26. Rb7 Nxe2 27. Rxc7
Rxc7 28. Kb2 Kg7 29. a3 f5 30. Bf3 Bb5 31. Bxe2 Bxe2 32. Rd2 Bf3 33. Rc2 Rd7 34.
Nc4 Rd1 35. Rc1 Rd8 36. Ne5 Be4 37. Rc7+ Kg8 38. f3 Rd5 39. Nd7 Rxd7 40. Rxd7
Bxf3 1-0

[Event "Sunway Sitges Open 2018"]
[Site "Sitges ESP"]
[Date "2018.12.14"]
[Round "1.16"]
[White "Asensio Linan, Teodoro"]
[Black "Nihal, Sarin"]
[Result "0-1"]
[BlackTitle "GM"]
[WhiteElo "2191"]
[BlackElo "2576"]
[WhiteFideId "2212536"]
[BlackFideId "25092340"]
[EventDate "2018.12.14"]

1. e4 c5 2. Nf3 e6 3. Nc3 Nc6 4. d4 cxd4 5. Nxd4 Qc7 6. g3 a6 7. Bg2 Nf6 8. O-O
Nxd4 9. Qxd4 Bc5 10. Bf4 d6 11. Qd3 h6 12. Na4 e5 13. Nxc5 exf4 14. Nb3 fxg3 15.
hxg3 O-O 16. Rad1 Rd8 17. e5 Ne8 18. Qe4 Rb8 19. Rd2 Be6 20. Nd4 Bxa2 21. f4 Bc4
22. Rff2 Rd7 23. b3 dxe5 24. fxe5 Bd5 25. Qxd5 Rxd5 26. Bxd5 Qxe5 27. Bxf7+ Kh8
28. Kg2 Nf6 29. Ne2 Ne4 30. Rd5 Qe7 31. Rff5 Nf6 0-1

[Event "Sunway Sitges Open 2018"]
[Site "Sitges ESP"]
[Date "2018.12.14"]
[Round "1.17"]
[White "Petrosyan, Manuel"]
[Black "Alok, Sinha"]
[Result "1-0"]
[WhiteTitle "GM"]
[WhiteElo "2565"]
[BlackElo "2187"]
[WhiteFideId "13300857"]
[BlackFideId "25072765"]
[EventDate "2018.12.14"]

1. d4 d5 2. Bf4 Nf6 3. e3 c5 4. c3 Nc6 5. Nd2 Qb6 6. Qb3 c4 7. Qc2 g6 8. e4 Nxe4
9. Nxe4 dxe4 10. Bxc4 Bf5 11. Qb3 Qxb3 12. axb3 Bg7 13. Be3 a6 14. Ne2 Bd7 15.
Nf4 e5 16. Nd5 O-O 17. Nb6 Rad8 18. d5 Nb8 19. Bc5 Rfe8 20. Bd6 Bf5 21. Bc7 Bf6
22. d6 Nc6 23. Bd5 Nb8 24. Bxb7 1-0

[Event "Sunway Sitges Open 2018"]
[Site "Sitges ESP"]
[Date "2018.12.14"]
[Round "1.18"]
[White "Movileanu, Daniela"]
[Black "Xu, Xiangyu"]
[Result "1/2-1/2"]
[WhiteTitle "WFM"]
[BlackTitle "GM"]
[WhiteElo "2180"]
[BlackElo "2565"]
[WhiteFideId "873349"]
[BlackFideId "8608288"]
[EventDate "2018.12.14"]

1. e4 c5 2. Nf3 Nc6 3. d4 cxd4 4. Nxd4 Nf6 5. Nc3 d6 6. Bg5 e6 7. Qd2 a6 8. Nxc6
bxc6 9. O-O-O h6 10. Bf4 d5 11. f3 Be7 12. Qe3 O-O 13. g4 Re8 14. h4 Nd7 15. Bg3
Bb7 16. Kb1 c5 17. exd5 exd5 18. Qd3 d4 19. Ne4 Nf6 20. Nxf6+ Bxf6 21. Bg2 Be5
22. Bxe5 Rxe5 23. g5 Qb6 24. Rde1 Rae8 25. Qd2 Re3 26. Rhg1 hxg5 27. hxg5 Qg6
28. Rc1 Qd6 29. Qa5 Qh2 30. g6 fxg6 31. Bf1 Bxf3 32. Bc4+ Kh8 33. Bf7 Rf8 34.
Bxg6 Qd6 35. Qd2 Kg8 36. Rg5 Be4 37. Bxe4 Rxe4 38. Qg2 Re7 39. Rg1 Qd7 40. Rxc5
d3 41. cxd3 Qxd3+ 42. Ka1 Rfe8 43. Rcc1 Qd4 44. Rcd1 Qe4 45. Qg3 Qe5 46. Qb3+
Qe6 47. Qg3 Qe5 48. Qb3+ Qe6 49. Qg3 1/2-1/2

[Event "Sunway Sitges Open 2018"]
[Site "Sitges ESP"]
[Date "2018.12.14"]
[Round "1.19"]
[White "Kulaots, Kaido"]
[Black "Natarajan, C"]
[Result "1-0"]
[WhiteTitle "GM"]
[WhiteElo "2555"]
[BlackElo "2177"]
[WhiteFideId "4500261"]
[BlackFideId "5005000"]
[EventDate "2018.12.14"]

1. e4 e6 2. d4 d5 3. Nc3 Nf6 4. e5 Nfd7 5. Nce2 c5 6. Nf3 cxd4 7. Nexd4 Nc6 8.
Bb5 Qc7 9. O-O a6 10. Nxc6 bxc6 11. Ba4 Nc5 12. c4 Nxa4 13. Qxa4 Bd7 14. cxd5
cxd5 15. Qf4 Rb8 16. b3 Rb4 17. Qg3 f5 18. exf6 Qxg3 19. f7+ Kxf7 20. hxg3 Rb7
21. Ne5+ Ke8 22. Bb2 Bd6 23. Rac1 Bxe5 24. Bxe5 Kf7 25. Rc3 Rc8 26. Rxc8 Bxc8
27. g4 Bd7 28. Rc1 a5 29. Rc3 a4 30. f3 axb3 31. axb3 Bb5 32. Kf2 Kg6 33. Ke3
Bf1 34. Kf2 Bb5 35. Rc2 h5 36. gxh5+ Kxh5 37. Ke3 Bf1 38. Kf2 Bd3 39. Rc3 Bb1
40. g4+ Kg6 41. Ke3 Ba2 42. b4 Bc4 43. Ra3 Kg5 44. Ra5 Rxb4 45. Ra7 Rb3+ 46. Kf2
d4 47. Kg3 Bd5 48. Rxg7+ Kh6 49. Kh4 1-0

[Event "Sunway Sitges Open 2018"]
[Site "Sitges ESP"]
[Date "2018.12.14"]
[Round "1.20"]
[White "Linsenmeyer, Mario"]
[Black "Kadric, Denis"]
[Result "0-1"]
[BlackTitle "GM"]
[WhiteElo "2172"]
[BlackElo "2554"]
[WhiteFideId "24635138"]
[BlackFideId "14403803"]
[EventDate "2018.12.14"]

1. e4 g6 2. d4 Bg7 3. c4 d6 4. Nf3 Nd7 5. Nc3 e5 6. Be2 Nh6 7. O-O O-O 8. Re1 c6
9. Bf1 f6 10. b4 Nf7 11. Be3 f5 12. exf5 gxf5 13. dxe5 dxe5 14. Qb3 e4 15. Nd4
Nde5 16. Rad1 Qf6 17. Nce2 Nd3 18. Rxd3 exd3 19. Qxd3 Ne5 20. Qc2 Ng6 21. Nf3
Qb2 22. Qxb2 Bxb2 23. Bd4 Bxd4 24. Nexd4 Bd7 25. c5 Rae8 26. Bc4+ Kg7 27. Be6
Bc8 28. Bxc8 Rxe1+ 29. Nxe1 Rxc8 30. Nxf5+ Kf6 31. Nd6 Rb8 32. Nd3 Ne5 33. Nf4
Nf7 34. Nh5+ Ke7 35. Nf5+ Ke6 36. Nfg7+ Ke5 37. f4+ Kd4 38. Nf6 h6 39. Ne6+ Kc4
40. g4 Kxb4 41. h4 Ka3 42. g5 hxg5 43. fxg5 Kxa2 44. g6 Nh6 45. g7 b5 46. cxb6
Rxb6 47. Nc5 Rb4 48. h5 a5 49. Kf2 Rf4+ 0-1

[Event "Sunway Sitges Open 2018"]
[Site "Sitges ESP"]
[Date "2018.12.14"]
[Round "1.21"]
[White "Halkias, Stelios"]
[Black "Rey Malde, Henrique"]
[Result "1-0"]
[WhiteTitle "GM"]
[WhiteElo "2552"]
[BlackElo "2171"]
[WhiteFideId "4201809"]
[BlackFideId "2244969"]
[EventDate "2018.12.14"]

1. Nf3 c5 2. c4 Nc6 3. Nc3 e5 4. e3 Nf6 5. Be2 d5 6. cxd5 Nxd5 7. O-O Be7 8. Bb5
Nxc3 9. dxc3 Qc7 10. e4 O-O 11. h3 h6 12. Bc4 Kh8 13. Nh2 f5 14. Qe2 fxe4 15.
Bd5 Bf5 16. Bxe4 Qd7 17. f3 Rad8 18. Ng4 Bxe4 19. Qxe4 Qd3 20. Qxd3 Rxd3 21. Nf2
Rd7 22. Be3 Rfd8 23. Ne4 b6 24. Kf2 Kg8 25. Ke2 Kf7 26. Rac1 Ke6 27. Rh1 Rd5 28.
h4 h5 29. g3 Na5 30. b3 c4 31. Rb1 cxb3 32. axb3 Rb5 33. Nd2 Rbd5 34. b4 Nc6 35.
Ne4 b5 36. Ra1 R8d7 37. Ra6 Rc7 38. Rha1 Rdd7 39. Bxa7 Rxa7 40. Rxc6+ Kd5 41.
Rca6 Rac7 42. Kd3 Rc6 43. Kc2 Rdc7 44. Rxc6 Rxc6 45. Ra5 Rb6 46. Ra7 Bf6 47. Kd3
Ke6 48. c4 bxc4+ 49. Kxc4 Rb8 50. Ra6+ 1-0

[Event "Sunway Sitges Open 2018"]
[Site "Sitges ESP"]
[Date "2018.12.14"]
[Round "1.22"]
[White "Llaneza Vega, Patricia"]
[Black "Del Rio De Angelis, Salvador G."]
[Result "1/2-1/2"]
[WhiteTitle "WIM"]
[BlackTitle "GM"]
[WhiteElo "2165"]
[BlackElo "2546"]
[WhiteFideId "2212676"]
[BlackFideId "2203138"]
[EventDate "2018.12.14"]

1. e4 Nf6 2. e5 Nd5 3. d4 d6 4. Nf3 dxe5 5. Nxe5 g6 6. c4 Nb6 7. Nc3 Bg7 8. Be3
O-O 9. Rc1 c5 10. Be2 cxd4 11. Bxd4 Na6 12. O-O f6 13. Nf3 e5 14. Be3 Be6 15.
Nb5 Nc8 16. Qa4 Qe7 17. c5 Nc7 18. Nxc7 Qxc7 19. c6 Nb6 20. cxb7 Qxb7 21. Qb5
Rab8 22. b3 Nd5 1/2-1/2

[Event "Sunway Sitges Open 2018"]
[Site "Sitges ESP"]
[Date "2018.12.14"]
[Round "1.24"]
[White "Dev, Shah"]
[Black "Kelires, Andreas"]
[Result "0-1"]
[WhiteTitle "CM"]
[BlackTitle "GM"]
[WhiteElo "2159"]
[BlackElo "2535"]
[WhiteFideId "35019058"]
[BlackFideId "5900727"]
[EventDate "2018.12.14"]

1. d4 Nf6 2. c4 e6 3. Nc3 Bb4 4. e3 b6 5. Ne2 Bb7 6. a3 Bd6 7. Ng3 h5 8. Qc2 h4
9. Nge4 Nxe4 10. Nxe4 Be7 11. h3 c5 12. Nc3 cxd4 13. exd4 O-O 14. Be3 d6 15. Bd3
Nd7 16. O-O-O Rc8 17. Rhg1 d5 18. cxd5 Bxd5 19. Ba6 Rc7 20. g3 f5 21. Bd3 Nf6
22. gxh4 Ne4 23. Bxe4 Bxe4 24. Qd2 Qd7 25. Bf4 Rxc3+ 26. Qxc3 Rc8 27. Be5 Rxc3+
28. bxc3 Bxa3+ 29. Kd2 Bf8 30. h5 Qb5 31. Ke3 Qc4 0-1

[Event "Sunway Sitges Open 2018"]
[Site "Sitges ESP"]
[Date "2018.12.14"]
[Round "1.25"]
[White "Praggnanandhaa, R"]
[Black "Manu, David Suthandram R"]
[Result "1/2-1/2"]
[WhiteTitle "GM"]
[WhiteElo "2530"]
[BlackElo "2153"]
[WhiteFideId "25059530"]
[BlackFideId "35019562"]
[EventDate "2018.12.14"]

1. e4 c5 2. Nf3 Nc6 3. d4 cxd4 4. Nxd4 e5 5. Nb5 d6 6. N1c3 a6 7. Na3 Be6 8. Nc4
Nf6 9. Bg5 Nd4 10. Bxf6 Qxf6 11. Nb6 Rd8 12. Ncd5 Bxd5 13. Nxd5 Qg6 14. Qd3 f5
15. exf5 Qxf5 16. Qxf5 Nxf5 17. Bc4 Rc8 18. Bb3 Nd4 19. c3 Nxb3 20. axb3 Kf7 21.
O-O-O Ke6 22. Rhe1 g5 23. Re4 Bg7 24. Kb1 h5 25. f3 Rhf8 26. c4 Rf7 27. Nc3 Rg8
28. Re3 Bf8 29. Ne4 Be7 30. Red3 Rd8 31. Rd5 b6 32. b4 g4 33. c5 gxf3 34. cxd6
Bh4 35. R5d2 fxg2 36. Rxg2 Rf4 37. Re2 Kf5 38. Ng3+ Bxg3 39. hxg3 Rxb4 40. Rh2
Rd4 41. Rxh5+ Ke6 42. Rxd4 exd4 43. Rh6+ Kd7 44. Kc2 Rg8 45. Kd3 Rxg3+ 46. Kxd4
Rg5 47. b3 Rb5 48. Kc4 Rc5+ 49. Kd4 Rb5 50. Ke4 1/2-1/2